| 000 | 01122nmc a2200385 a 4500 | ||
|---|---|---|---|
| 003 | AR-BaBNM | ||
| 005 | 20251128203015.0 | ||
| 008 | 167019s1940 ||||||||||||||000 | spa|| | ||
| 040 | _cAR-BaBNM | ||
| 100 | 1 | _aShotwell, James T. | |
| 245 | 1 | 0 | _aHistoria de la historia en el mundo antiguo |
| 250 | _a1ª ed. | ||
| 260 |
_aMéxico, D.F. _bFondo de Cultura Económica _c1940 |
||
| 300 | _a430 p. | ||
| 490 | 0 | _aSección de obras de historia. Manuales introductorios | |
| 500 | _aIndice alfabético p. 413-428 | ||
| 504 | _aContiene bibliografía para consultar p. 399-411 | ||
| 600 | 0 | 4 | _aPolibio |
| 600 | 0 | 4 | _aTacito |
| 600 | 0 | 4 | _aTucidides |
| 600 | 1 | 4 | _aLivio, Tito |
| 600 | 1 | 4 |
_aVirgilio Marón, Publio _d70-19 a.C. |
| 650 | 4 | _aHISTORIOGRAFIA | |
| 650 | 4 | _aANALISIS HISTORICO | |
| 650 | 4 | _aESCRITURA HISTORICA | |
| 650 | 4 | _aINVESTIGACION HISTORICA | |
| 650 | 4 | _aMETODO HISTORICO | |
| 650 | 4 | _aHISTORIADORES | |
| 650 | 4 | _aHISTORIOGRAFIA | |
| 700 | 1 |
_aIglesia, Ramón _etraductor |
|
| 800 | 1 | _aIglesia, Ramón | |
| 800 | 1 |
_aO´Gorman, Edmundo _edirector |
|
| 942 | _cBK | ||
| 998 | _cmariana | ||
| 999 |
_c1489 _d1489 |
||